000 00687nam a2200229Ia 4500
003 BUBTL
008 151213s9999 xx 000 0 und d
020 _a81-219-1036-6
082 _a301
_bRAS
100 _aC.N.Shanker Rao
245 _aSociology : Primary Principle of Sociology With an Introduction to Social Thought
_cC.N.Shanker Rao
250 _a4th
260 _aNew Delhi
_bS.Chand
_c2004
300 _a[xiii] , 695p . :
_bill , Table ; 22cm .
_cSociology .
500 _aIncludes Bibliography .
650 _aSocial Science
650 _aSociology
700 _aC.N.Shanker Rao
856 _k0
_l0
_yDownload
942 _2ddc
_cBK
999 _c1238
_d1238